Programming in Visual Basic, version 5.0 / (Record no. 2415)

MARC details
000 -LEADER
fixed length control field 00844cam a22002412 4500
001 - CONTROL NUMBER
control field 0000004051
005 - DATE AND TIME OF LATEST TRANSACTION
control field 20151217145751.0
008 - FIXED-LENGTH DATA ELEMENTS--GENERAL INFORMATION
fixed length control field 070518s xx 000 0 eng d
020 ## - INTERNATIONAL STANDARD BOOK NUMBER
International Standard Book Number 0073031666 :
Terms of availability KES 600 (don.)
040 ## - CATALOGING SOURCE
Original cataloging agency KABU
Transcribing agency KABU
050 #0 - LIBRARY OF CONGRESS CALL NUMBER
Classification number QA76.73
Item number .B3B73 1998
100 1# - MAIN ENTRY--PERSONAL NAME
Personal name Bradley, Julia Case.
-- 0000154404
245 10 - TITLE STATEMENT
Title Programming in Visual Basic, version 5.0 /
Statement of responsibility, etc. Julia Case Bradley, Anita C. Millspaugh.
260 ## - PUBLICATION, DISTRIBUTION, ETC. (IMPRINT)
Place of publication, distribution, etc. Boston :
Name of publisher, distributor, etc. Irwin/McGraw-Hill,
Date of publication, distribution, etc. c1998.
300 ## - PHYSICAL DESCRIPTION
Extent xx, 588 p. :
Other physical details ill. ;
Dimensions 28 cm. +
Accompanying material 1 floppy disk (31/4 in.)
500 ## - GENERAL NOTE
General note Includes index.
650 #0 - SUBJECT ADDED ENTRY--TOPICAL TERM
Topical term or geographic name as entry element BASIC (Computer program language)
-- 0000072309
650 #0 - SUBJECT ADDED ENTRY--TOPICAL TERM
Topical term or geographic name as entry element Microsoft Visual BASIC.
-- 0000154360
700 1# - ADDED ENTRY--PERSONAL NAME
Personal name Millspaugh, Anita C.
-- 0000154405
908 ## - PUT COMMAND PARAMETER (RLIN)
Put command parameter 070518
950 ## - LOCAL HOLDINGS (RLIN)
-- 1
Holdings
Withdrawn status Lost status Source of classification or shelving scheme Not for loan Home library Current library Date acquired Total Checkouts Full call number Barcode Checked out Date last seen Date last checked out Price effective from Koha item type
    Library of Congress Classification   Kabarak, Main Campus Kabarak, Main Campus 17/12/2015 4 QA76.73 .B3B73 1998 012680 06/09/2024 21/08/2024 21/08/2024 17/12/2015 General Collection
    Library of Congress Classification   Kabarak, Main Campus Kabarak, Main Campus 17/12/2015 1 QA76.73 .B3B73 1998 010222   05/04/2022 04/04/2022 17/12/2015 General Collection
Designed with assistance from East African Informatics Ltd